| 000 | 00708nam a22001577a 4500 | ||
|---|---|---|---|
| 003 | OSt | ||
| 005 | 20151027112116.0 | ||
| 008 | 151027b xxu||||| |||| 00| 0 eng d | ||
| 040 | _cRUA | ||
| 082 | _aVMF NOU 2003 B112 Or.1 | ||
| 100 |
_92947 _aNOUV BOREY |
||
| 245 | _aStudy of main parasitic diseases in swine in kampong siem district kampong cham province, (ការសិក្សាទំហំរាតត្បាតជម្ងឺសំខាន់ៗបង្កដោយបរាសិតជ្រូក ក្នុងស្រុកកំពង់សៀម ខេត្តកំពង់ចាម) | ||
| 260 |
_aPhnom Penh _bRua _c2003 |
||
| 300 |
_aix; 37p. _bill. _c29cm. |
||
| 942 |
_2ddc _cVTF` |
||
| 999 |
_c2762 _d2762 |
||